000
00309nam a22001457a 4500
003
SGT
020
_a
9788180542138
082
_a
346.4107
_b
KAP
100
_a
KAPOOR , N D
245
_a
ELEMENTS OF MERCANTILE LAW
250
_a
28
260
_a
DELHI
_b
SULTAN CHAND
_c
2007
300
_a
618
942
_2
ddc
_c
BK
999
_c
25077
_d
25077